[Event "Enniscrone Sligo Winter op"]
[Site "Enniscrone"]
[Date "2024.02.02"]
[Round "?"]
[White "Pein, Jonathan"]
[Black "Sheahan, Gavin"]
[Result "0-1"]
[WhiteElo "2273"]
[BlackElo "1950"]
[PlyCount "82"]
[EventDate "2024.02.02"]
[EventType "swiss"]
[EventRounds "5"]
[EventCountry "IRL"]
[SourceTitle "CB07_2024"]
[SourceDate "2024.02.14"]
[SourceVersion "1"]
[SourceVersionDate "2024.02.14"]
[SourceQuality "1"]

1. e4 e6 2. d4 d5 3. e5 c5 4. c3 Nc6 5. Nf3 Qb6 6. Bd3 cxd4 7. 0-0 Bd7 8. Re1 Nge7 9. Nbd2 dxc3 10. bxc3 Ng6 11. Nb3 Qc7 12. Qe2 Be7 13. g3 Na5 14. h4 Ba4 15. Nfd4 Nc4 16. f4 Rc8 17. Qh5 Nf8 18. f5 Bd7 19. Bf4 g6 20. Qh6 gxf5 21. Bxf5 Rg8 22. Kh2 Ng6 23. Bxg6 hxg6 24. Qh7 Rf8 25. Bh6 Nxe5 26. Bxf8 Bxf8 27. Rf1 Ng4+ 28. Kh3 Nh6 29. Rae1 Qd6 30. Qh8 Rxc3 31. Nf5 e5 32. Rxe5+ Kd8 33. Re8+ Kxe8 34. Qxc3 Nxf5 35. Re1+ Kd8 36. Kg2 d4 37. Qd3 Bc6+ 38. Kh3 Qd5 39. Rg1 Bg7 40. Nd2 Ne3 41. Kh2 Ng4+ 0-1

[Event "Wch U14"]
[Site "Montesilvano"]
[Date "2023.11.20"]
[Round "7"]
[White "Sheahan, Gavin"]
[Black "Tregubenko, Nikolay"]
[Result "1-0"]
[WhiteElo "1807"]
[BlackElo "2138"]
[PlyCount "141"]
[EventDate "2023.11.13"]
[EventType "swiss"]
[EventRounds "11"]
[EventCountry "ITA"]
[SourceTitle "CB48_2023"]
[SourceDate "2023.11.29"]
[SourceVersion "1"]
[SourceVersionDate "2023.11.29"]
[SourceQuality "1"]

1. d4 Nf6 2. c4 g6 3. Nc3 Bg7 4. e4 d6 5. Be2 0-0 6. Nf3 e5 7. 0-0 Bg4 8. Be3 Bxf3 9. Bxf3 exd4 10. Bxd4 Nc6 11. Be3 Nd7 12. Be2 Nc5 13. f3 Ne6 14. Re1 Bd4 15. Bf1 Bxe3+ 16. Rxe3 Qg5 17. Qd2 Ncd4 18. Rd1 c5 19. Kh1 Nc2 20. f4 Qxf4 21. Nd5 Nxe3 22. Nxf4 Nxd1 23. Nxe6 Nf2+ 24. Qxf2 fxe6 25. Qe1 Rf4 26. g3 Rf6 27. Bh3 e5 28. Qd2 Kg7 29. Qd5 Rb8 30. Be6 Kh8 31. h4 Re8 32. Bh3 Re7 33. g4 g5 34. hxg5 Rg6 35. Qd2 Rf7 36. Qd5 Kg7 37. Kg2 Rxg5 38. Qxd6 h5 39. Qd8 Kg6 40. Kg3 hxg4 41. Bg2 b6 42. a4 Rf6 43. Qe8+ Rf7 44. Qe6+ Kg7 45. Kh4 Rg6 46. Qxe5+ Kh7 47. Kg3 Rd7 48. Bf1 Rd1 49. Be2 Re1 50. Kf2 Rh1 51. Kg2 Re1 52. Qh2+ Kg7 53. Qe5+ Kh7 54. Qe7+ Kg8 55. Kf2 Rh1 56. Bxg4 Rh2+ 57. Kf3 Kh8 58. Qe5+ Kg8 59. Qxh2 Rf6+ 60. Bf5 Kf7 61. Qh7+ Kf8 62. e5 Rf7 63. Qh8+ Ke7 64. Ke4 a5 65. e6 b5 66. exf7 Kxf7 67. Ke5 b4 68. Be6+ Kg6 69. Qf6+ Kh5 70. Kf5 b3 71. Qg5# 1-0

[Event "Wch U14"]
[Site "Montesilvano"]
[Date "2023.11.13"]
[Round "1"]
[White "Sheahan, Gavin"]
[Black "Sowinski, Pawel"]
[Result "0-1"]
[WhiteElo "1807"]
[BlackElo "2347"]
[PlyCount "104"]
[EventDate "2023.11.13"]
[EventType "swiss"]
[EventRounds "11"]
[EventCountry "ITA"]
[SourceTitle "CB48_2023"]
[SourceDate "2023.11.29"]
[SourceVersion "1"]
[SourceVersionDate "2023.11.29"]
[SourceQuality "1"]

1. d4 Nf6 2. c4 e6 3. Nf3 c5 4. d5 exd5 5. cxd5 d6 6. Nc3 g6 7. Nd2 Nbd7 8. e4 Bg7 9. Be2 0-0 10. 0-0 Qe7 11. Nc4 Ne5 12. Ne3 a6 13. a4 Rb8 14. a5 b5 15. axb6 Rxb6 16. f4 Ned7 17. Nc4 Rb4 18. Bd3 Nb6 19. Ne3 Re8 20. Nc2 Bg4 21. Qe1 Rb3 22. h3 c4 23. hxg4 cxd3 24. Nd4 Rxc3 25. bxc3 Nxe4 26. Rf3 Nxd5 27. Rxd3 Nc5 28. Qxe7 Rxe7 29. Rd2 Nxc3 30. Bb2 Bxd4+ 31. Kh1 Bg7 32. Rxd6 Re8 33. Rc6 N3e4 34. Bxg7 Kxg7 35. Ra5 Nd3 36. g5 Nxf4 37. Rcxa6 Ne6 38. Re5 N4xg5 39. Raa5 h6 40. Ra7 Rc8 41. Re2 Nd4 42. Re1 Nf5 43. Kh2 Rc2 44. Kh1 h5 45. Rb1 h4 46. Ra3 Re2 47. Rb4 Ne4 48. Rb1 h3 49. gxh3 Neg3+ 50. Kg1 Ne3 51. Rxe3 Rxe3 52. Kf2 Nf5 0-1

[Event "Dublin-ch Final Weekender 100th"]
[Site "Dublin"]
[Date "2021.08.21"]
[Round "3"]
[White "Moran, Hugh"]
[Black "Sheahan, Gavin"]
[Result "0-1"]
[WhiteElo "1711"]
[BlackElo "980"]
[PlyCount "96"]
[EventDate "2021.08.20"]
[EventType "swiss"]
[EventRounds "5"]
[EventCountry "IRL"]
[SourceTitle "CBM 204 Extra"]
[Source "ChessBase"]
[SourceDate "2021.11.30"]
[SourceVersion "1"]
[SourceVersionDate "2021.11.30"]
[SourceQuality "1"]

1. e4 e6 2. d3 d5 3. Nd2 Ne7 4. Ngf3 c5 5. g3 g6 6. Bg2 Bg7 7. 0-0 Nbc6 8. Re1 0-0 9. e5 Qc7 10. Qe2 b6 11. Nf1 Nf5 12. Bf4 Ba6 13. h4 Rac8 14. N1h2 Ncd4 15. Qd2 c4 16. Rac1 c3 17. bxc3 Qxc3 18. Qxc3 Rxc3 19. g4 Nxf3+ 20. Nxf3 Ne7 21. Bd2 Rc7 22. Bb4 Rfc8 23. Bd6 Rd7 24. Bf1 Rc6 25. Nd4 Rc8 26. f4 Nc6 27. Nf3 Bf8 28. Bxf8 Kxf8 29. c3 Rdc7 30. d4 Bxf1 31. Kxf1 Nb4 32. Re3 Nxa2 33. Ra1 Nxc3 34. f5 Ne4 35. Ra6 gxf5 36. gxf5 Ng3+ 37. Kg2 Nxf5 38. Rea3 h6 39. Rxa7 Rxa7 40. Rxa7 Rc2+ 41. Kh3 Rf2 42. Nh2 h5 43. Rb7 Rf4 44. Rxb6 Rxh4+ 45. Kg2 Rxd4 46. Nf3 Nh4+ 47. Nxh4 Rxh4 48. Kg3 Re4 0-1

[Event "IRL-ch 100th First Week"]
[Site "Dublin"]
[Date "2021.07.25"]
[Round "5"]
[White "Sheahan, Gavin"]
[Black "Liu, Jason"]
[Result "1-0"]
[WhiteElo "980"]
[BlackElo "913"]
[PlyCount "87"]
[EventDate "2021.07.23"]
[EventType "swiss"]
[EventRounds "5"]
[EventCountry "IRL"]
[SourceTitle "EXT 2022"]
[Source "ChessBase"]
[SourceDate "2021.10.06"]
[SourceVersion "1"]
[SourceVersionDate "2021.10.06"]
[SourceQuality "1"]

1. d4 b6 2. c4 Bb7 3. Nc3 e6 4. Nf3 f5 5. g3 Nf6 6. Bg2 g6 7. 0-0 Bg7 8. Bf4 0-0 9. Qd2 d6 10. Bh6 Qe7 11. Bxg7 Kxg7 12. d5 e5 13. Rfe1 Na6 14. e4 Bc8 15. exf5 Bxf5 16. Nh4 Nd7 17. f4 Qf6 18. Nf3 Nb4 19. Ne4 Bxe4 20. Rxe4 a5 21. fxe5 Nxe5 22. Rf1 Qe7 23. Rfe1 Rxf3 24. Rxe5 dxe5 25. Bxf3 Rf8 26. Kg2 Qf6 27. Qc3 Re8 28. a3 Na6 29. Bg4 e4 30. Qc2 Nc5 31. b4 axb4 32. axb4 Nd3 33. Rf1 Qd4 34. Qa4 Qb2+ 35. Kg1 Qd4+ 36. Kh1 Nf2+ 37. Kg2 Nxg4 38. Qd7+ Kh6 39. Qxg4 Qe5 40. Rf7 Qb2+ 41. Kh3 Re5 42. Qf4+ Rg5 43. Re7 Qe2 44. Qf8+ 1-0

[Event "IRL-ch 100th First Week"]
[Site "Dublin"]
[Date "2021.07.24"]
[Round "3"]
[White "Nielsen, Robert"]
[Black "Sheahan, Gavin"]
[Result "0-1"]
[WhiteElo "700"]
[BlackElo "980"]
[PlyCount "126"]
[EventDate "2021.07.23"]
[EventType "swiss"]
[EventRounds "5"]
[EventCountry "IRL"]
[SourceTitle "EXT 2022"]
[Source "ChessBase"]
[SourceDate "2021.10.06"]
[SourceVersion "1"]
[SourceVersionDate "2021.10.06"]
[SourceQuality "1"]

1. e4 e6 2. d4 d5 3. e5 c5 4. c3 Nc6 5. Nf3 Qb6 6. Qb3 c4 7. Qxb6 axb6 8. Be2 Nge7 9. Be3 Nf5 10. Bf4 b5 11. 0-0 b4 12. Nbd2 Be7 13. h3 h5 14. Rfe1 b5 15. Bg5 bxc3 16. bxc3 b4 17. cxb4 Bxg5 18. Nxg5 Nfxd4 19. Bd1 Nxb4 20. Rc1 Nd3 21. Bf3 Nxc1 22. Rxc1 Rxa2 23. Nf1 Rc2 24. Ra1 c3 25. Ra8 Nxf3+ 26. Nxf3 0-0 27. Ra1 Rd8 28. Nd4 Rb2 29. Ne3 Bd7 30. Nec2 f6 31. f4 Rdb8 32. Ra7 R8b7 33. Ra8+ Kh7 34. Ra3 Rc7 35. Kf2 Rc4 36. Ke3 Ba4 37. Kd3 Bxc2+ 38. Nxc2 Rxc2 39. Kxc2 Rxf4 40. exf6 Rxf6 41. Kxc3 Rf2 42. g4 Rf3+ 43. Kb4 Rxa3 44. Kxa3 hxg4 45. hxg4 Kg6 46. Kb3 Kg5 47. Kc3 Kxg4 48. Kd4 Kf4 49. Kc5 g5 50. Kd6 g4 51. Kxe6 g3 52. Kxd5 g2 53. Kc4 g1Q 54. Kd5 Qe3 55. Kc4 Qd2 56. Kc5 Ke5 57. Kc4 Qd4+ 58. Kb3 Kd5 59. Kc2 Qe3 60. Kb2 Kc4 61. Kc2 Qe2+ 62. Kc1 Kc3 63. Kb1 Qb2# 0-1

[Event "IRL-ch 100th First Week"]
[Site "Dublin"]
[Date "2021.07.23"]
[Round "1"]
[White "McClean, Finn"]
[Black "Sheahan, Gavin"]
[Result "0-1"]
[WhiteElo "700"]
[BlackElo "980"]
[PlyCount "28"]
[EventDate "2021.07.23"]
[EventType "swiss"]
[EventRounds "5"]
[EventCountry "IRL"]
[SourceTitle "EXT 2022"]
[Source "ChessBase"]
[SourceDate "2021.10.06"]
[SourceVersion "1"]
[SourceVersionDate "2021.10.06"]
[SourceQuality "1"]

1. e4 e6 2. Nf3 d5 3. Bd3 Nf6 4. 0-0 dxe4 5. Bb5+ c6 6. Bc4 exf3 7. Qxf3 Nbd7 8. Nc3 Ne5 9. Be2 Nxf3+ 10. Bxf3 Bd6 11. d4 0-0 12. Bg4 Nxg4 13. Bd2 Qh4 14. g3 Qxh2# 0-1